| 000 | 00818cam a2200265 4500 | ||
|---|---|---|---|
| 008 | #DATE n2002 000 0 eng u | ||
| 020 | _a0852954441 | ||
| 035 | _a(Sirsi) u121409 | ||
| 041 | _aeng | ||
| 050 |
_a660.28 _c18 |
||
| 110 |
_aInstitution of Chemical Engineers _91773 |
||
| 240 | _aGreen Book | ||
| 245 | _aModel forms of conditions of contract for process plant suitable for reimbursable contracts. | ||
| 250 | _a3rd ed. | ||
| 260 |
_bInstitution of Chemical Engineers _c2002 |
||
| 350 | _a45 | ||
| 520 | _aKnown as the Green Book. | ||
| 650 | _aBUILT ENVIRONMENT-BUILDING CONTRACT FORMS | ||
| 650 | _aCHEMICAL PLANTS | ||
| 650 | _aENGINEERING CONTRACTS | ||
| 650 | _aGREEN BOOK | ||
| 650 | _aREIMBURSABLE CONTRACTS | ||
| 690 | _aBUILT ENVIRONMENT-BUILDING CONTRACT FORMS | ||
| 942 | _n0 | ||
| 999 |
_c102661 _d102661 |
||